La noche
Gespeichert in:
| 1. Verfasser: | |
|---|---|
| Format: | Buch |
| Sprache: | Spanisch |
| Veröffentlicht: |
Viña del Mar
Altazor
1999
|
| Schriftenreihe: | Divergente
|
| Schlagworte: | |
| Tags: |
Tag hinzufügen
Keine Tags, Fügen Sie den ersten Tag hinzu!
|
MARC
| LEADER | 00000cam a2200000 a 4500 | ||
|---|---|---|---|
| 001 | UCF2215 | ||
| 003 | CL-VaPUC | ||
| 008 | 120810e19990000CL |||||||||||||||||spa|d | ||
| 020 | |a 9567472149 | ||
| 082 | 0 | 4 | |a 861 |b MOL |2 21 |
| 100 | |a Moltedo Ghio, Ennio |e autor |9 578526 | ||
| 245 | 1 | 3 | |a La noche |
| 300 | |a 59 p | ||
| 942 | |c BK | ||
| 945 | |d 20120810 00:00:00 |a dcastane | ||
| 260 | |a Viña del Mar |b Altazor |c 1999 | ||
| 650 | 0 | |a Poesías chilenas |9 265280 | |
| 583 | |a last modification |c 20120820 12:53:41 |k Rodrigo Vera | ||
| 490 | 0 | |a Divergente | |
| 999 | |c 348816 |d 348814 | ||
| 952 | |0 0 |1 0 |4 0 |6 861_000000000000000_MOL_1999 |7 0 |8 C |9 451026 |a BIBCUR |b BIBCUR |d 2019-11-22 |i 4892674 |o 861 MOL 1999 |p 4892674 |r 2025-04-22 |w 2019-11-22 |y BK |k CAC | ||
| 952 | |0 0 |1 0 |4 0 |6 861_000000000000000_MOL_1999 |7 0 |8 A |9 451027 |a BIBING |b BIBING |d 2019-11-22 |i 4891821 |o 861 MOL 1999 |p 4891821 |r 2025-01-20 |w 2019-11-22 |y BK |k CUI | ||
| 952 | |0 0 |1 0 |4 0 |6 861_000000000000000_MOL_1999 |7 0 |8 A |9 451028 |a BIBEDU |b BIBEDU |c ES_NOD |d 2019-11-22 |i 4892267 |l 1 |o 861 MOL 1999 |p 4892267 |r 2025-05-05 |s 2025-04-25 |w 2019-11-22 |y BK |k CUE | ||